Представление документа в формате RUSMARC

ПолеНазваниеЗначение
  Тип записи a
  Библиографический уровень m
001 Контрольный номер RU/CBS_UL/BASE/722449119
005 Дата корректировки 20240209175100.1
010 Индекс ISBN __
a ISBN 978-5-699-98355-1
b Уточнения в пер.
d Цена 489 р. 50 к.
9 Тираж 2 000 экз.
100 Данные общей обработки __
a Данные общей обработки 20221122d2022 ||| 0rusy0189 ca
101 Язык документа 0_
a Язык текста rus
102 Страна публикации __
a Страна публикации RU
105 Кодированные данные (монография) __
a Кодированные данные (монография) y###||||000|y
181 Поле кодированных данных: вид содержания _1
a Код вида содержания (ISBD) i#
b Код характеристики содержания (ISBD) #xxe##
d i
g x
h x
i e
182 Поле кодированных данных: тип средства _1
a Код типа средства (ISBD) n
2 Код системы (источник кода, отличный от ISBD) isbdmedia
200 Заглавие и сведения об ответственности 1_
a Заглавие Сад вечерних туманов
b Общее обозначение материала Текст
e Сведения, относящиеся к заглавию роман
f Первые сведения об ответственности Тан Тван Энг
g Последующие сведения об ответственности пер. с англ. В. Мисюченко
w Текст (визуальный) : непосредственный
203 Вид содержания и тип средства __
a Вид содержания Текст
b Характеристика содержания визуальный
c Тип средства непосредственный
210 Выходные данные 1_
a Место издания Москва
c Издательство ЭКСМО
d Дата издания 2017
215 Физическое описание __
a Объем 542 с.
d Формат 20,5 см.
225 Серия 0_
a Серия Лучшее из лучшего. Книги лауреатов мировых литературных премий
300 Общие примечания __
a Общие примечания От лауреата Азиатского Букера
300 Общие примечания __
a Общие примечания Указ. изд-во "Э"
300 Общие примечания __
a Общие примечания Кн. в суперобл.
333 Примечание о целевом назначении __
a Примечание о целевом назначении 18+
606 Тематические рубрики 0_
a Основная рубрика Малайзийская литература, 21 в. - Проза
610 Ключевые слова 0_
a Ключевые слова литература малазийская
a Ключевые слова романы современные
a Ключевые слова любовь
a Ключевые слова поиски себя
686 Индексы других классификаций __
a Классификационный индекс 84(5Маз)
2 Код системы rubbk
700 Автор _1
a Фамилия Тан Тван Энг
801 Источник записи _0
a Страна RU
b Организация МБУК ЦБС
c Дата составления 20221122
g Правила каталогизации RCR
801 Источник записи _1
a Страна RU
b Организация МБУК ЦБС г. Ульяновска
c Дата составления 20221122
g Правила каталогизации RCR
899 Данные о местонахождении __
i Авторский знак Т 18
j Расстановочный фильтр И(Маз)
901 Тип документа __
t Тип документа m
910 Корректоры записи __
a Корректор записи Скрипина